[Event "NZL-ch rapid op 130th"]
[Site "Wellington"]
[Date "2023.01.05"]
[Round "5"]
[White "Cummings, Nick"]
[Black "Loke, Kayden"]
[Result "1-0"]
[WhiteElo "1995"]
[BlackElo "1872"]
[PlyCount "91"]
[EventDate "2023.01.04"]
[EventType "swiss (rapid)"]
[EventRounds "9"]
[EventCountry "NZL"]
[SourceTitle "CBM 212 Extra"]
[Source "ChessBase"]
[SourceDate "2023.03.31"]
[SourceVersion "1"]
[SourceVersionDate "2023.03.31"]
[SourceQuality "1"]

1. Nf3 Nf6 2. c4 e6 3. g3 d5 4. d4 Bb4+ 5. Bd2 Bxd2+ 6. Qxd2 0-0 7. Bg2 b6 8. Nc3 Bb7 9. Ne5 Nbd7 10. 0-0 Rb8 11. cxd5 Nxd5 12. Nxd5 Bxd5 13. Bxd5 exd5 14. Nc6 Qf6 15. Nxb8 Rxb8 16. Rac1 Qd6 17. Qf4 Qxf4 18. gxf4 c5 19. dxc5 bxc5 20. b3 Kf8 21. Rfd1 Ke7 22. Rxd5 Rb6 23. Rcd1 Rb7 24. e3 Rc7 25. Kg2 a5 26. Kf3 a4 27. Rxd7+ Rxd7 28. Rxd7+ Kxd7 29. bxa4 f5 30. Ke2 Kc6 31. Kd3 Kd5 32. a5 c4+ 33. Kc3 Kc5 34. a6 Kb6 35. Kxc4 Kxa6 36. Kd5 Ka5 37. Ke5 g6 38. Kf6 Ka4 39. Kg7 h5 40. Kxg6 Ka3 41. Kxf5 Kxa2 42. e4 Kb3 43. e5 Kc4 44. e6 Kd5 45. e7 Kd6 46. e8Q 1-0

[Event "NZL-ch op-B 130th"]
[Site "Wellington"]
[Date "2023.01.05"]
[Round "4"]
[White "Loke, Kayden"]
[Black "Malcolm, Aidan"]
[Result "1-0"]
[WhiteElo "1972"]
[BlackElo "1838"]
[PlyCount "96"]
[EventDate "2023.01.02"]
[EventType "swiss"]
[EventRounds "9"]
[EventCountry "NZL"]
[SourceTitle "CBM 212 Extra"]
[Source "ChessBase"]
[SourceDate "2023.03.31"]
[SourceVersion "1"]
[SourceVersionDate "2023.03.31"]
[SourceQuality "1"]

1. e4 c5 2. Nf3 e6 3. c3 d5 4. exd5 Qxd5 5. d4 Nf6 6. Be3 Be7 7. Bb5+ Bd7 8. c4 Qh5 9. Bxd7+ Nbxd7 10. Nc3 0-0 11. d5 Ne5 12. Nxe5 Qxe5 13. Qf3 b5 14. dxe6 fxe6 15. cxb5 Nd5 16. Qe4 Qxe4 17. Nxe4 Rf5 18. 0-0-0 Nxe3 19. fxe3 Re5 20. Rd7 Bf8 21. Ng3 Rxe3 22. Rf1 g6 23. Rff7 Rd8 24. Rxh7 Re1+ 25. Kc2 Rxd7 26. Rxd7 Rg1 27. Rxa7 Rxg2+ 28. Kb3 Bg7 29. a4 Rxh2 30. Ne4 Rxb2+ 31. Kc4 Rb4+ 32. Kd3 c4+ 33. Ke2 Rb2+ 34. Kf3 c3 35. Ra8+ Kh7 36. Ng5+ Kh6 37. Nf7+ Kh5 38. Ke3 Kg4 39. Rg8 c2 40. Kd2 Bc3+ 41. Kc1 Ra2 42. Rc8 Bf6 43. Rc4+ Kh5 44. b6 Be7 45. Rxc2 Rxa4 46. b7 Rb4 47. Rb2 Rc4+ 48. Kb1 Rf4 1-0